000 00490nam a22001697a 4500
005 20251108163335.0
008 250721s1946 xx 000 0 ara d
082 1 4 _a170/ج
100 1 _aهـ .ج.، جويو
245 1 0 _aالأخلاق :
_bبلا الزام ولا جزاء /
264 1 _aالقاهرة :
_bدار الفكر العربي،
_c1946.
300 _a236ص
650 1 7 _aالأخلاق
700 1 _aالدروبي، سامي
_eترجمة
942 _2ddc
_cBK
999 _c239
_d239